000 00811nam a22002055i 4500
001 152969
003 ES-MaACL
005 20251015191012.0
008 990723s1844 sp |||| | spa d
040 _aCCPB | B
_bspa
_cCCPB | B
245 0 3 _aEl carcelero
_b: comedia en un acto /
_ctraducida del francés por Juan del Peral.
260 _aMadrid :
_b[Manuel Delgado],
_c1844 (
_fImprenta de Repullés)
300 _a26 p. ;
_c19 cm.
490 1 _aGalería dramática
700 1 _aPeral, Juan del,
_dm. 1888
_9130982
830 0 _aGalería dramática
_9186796
852 _aES-MaACL
_jF-8597(7)
_z-- Enc. pasta española
_q-- Falto de la cub. original
_z-- Enc. en un vol. facticio formando parte de la col. facticia "Teatro español moderno", vol. 50
999 _c152969
_d152969